[Event "BAN Walton 1st League"]
[Site "Dhaka"]
[Date "2016.12.11"]
[Round "6.3"]
[White "Chowdhury, Shamsul Kabir"]
[Black "Abdullah, Al Saif"]
[Result "1-0"]
[WhiteElo "1860"]
[BlackElo "2052"]
[PlyCount "60"]
[EventDate "2016.12.06"]
[EventType "team-tourn"]
[EventRounds "9"]
[EventCountry "BAN"]
[SourceTitle "CBM 176 Extra"]
[Source "ChessBase"]
[SourceDate "2017.03.02"]
[SourceVersion "1"]
[SourceVersionDate "2017.03.02"]
[SourceQuality "1"]
[WhiteTeam "Masud Sports"]
[BlackTeam "Sultana Kamal Smirity Pathagar"]
[WhiteTeamCountry "BAN"]
[BlackTeamCountry "BAN"]

1. d4 Nf6 2. c4 e6 3. Nc3 Bb4 4. a3 Be7 5. e4 d6 6. f4 b6 7. e5 Nfd7 8. Qf3 c6 9. Ne4 d5 10. Ng5 c5 11. cxd5 Bb7 12. Nxf7 Bh4+ 13. Kd2 Bxd5 14. Nxd8 Bxf3 15. Nxe6 Bc6 16. d5 Bb7 17. Nc7+ Kd8 18. d6 Nc6 19. Nf3 Bf2 20. Ke2 Bd4 21. Ng5 Kc8 22. e6 Nf6 23. Nxa8 Bxa8 24. Kd1 Nd8 25. Ba6+ Kb8 26. e7 Nb7 27. Bxb7 Bxb7 28. Nf3 Kc8 29. f5 Kd7 30. Nxd4 cxd4 1-0

[Event "BAN-chB 41st"]
[Site "Dhaka"]
[Date "2015.10.20"]
[Round "6"]
[White "Abdullah, Al Saif"]
[Black "Mohammad, Minhaz Uddin"]
[Result "0-1"]
[WhiteElo "2134"]
[BlackElo "2425"]
[PlyCount "86"]
[EventDate "2015.10.15"]
[EventType "swiss"]
[EventRounds "11"]
[EventCountry "BAN"]
[SourceTitle "CBM 169 Extra"]
[Source "ChessBase"]
[SourceDate "2015.12.18"]
[SourceVersion "1"]
[SourceVersionDate "2015.12.18"]
[SourceQuality "1"]

1. e4 e5 2. Nf3 Nf6 3. d4 Nxe4 4. Bd3 Nc6 5. dxe5 d5 6. exd6 Nxd6 7. Nc3 Bg4 8. h3 Bh5 9. g4 Bg6 10. Bxg6 hxg6 11. Qe2+ Qe7 12. Qxe7+ Bxe7 13. Bf4 0-0-0 14. 0-0-0 Bf6 15. Nd5 Ne4 16. Bg3 Nd4 17. Nxf6 Nxg3 18. fxg3 Ne2+ 19. Kb1 Rxd1+ 20. Rxd1 gxf6 21. h4 Nxg3 22. Rg1 Ne4 23. c3 Nd6 24. Kc2 Kd7 25. Kd3 f5 26. g5 Ne4 27. Ke3 Ke6 28. Kf4 f6 29. gxf6 Kxf6 30. Rd1 Nd6 31. Rd2 Re8 32. Ng5 Re7 33. b3 Re1 34. c4 Rg1 35. Nf3 Rg4+ 36. Ke3 f4+ 37. Kd3 Rg3 38. Rf2 Kf5 39. Kd4 c5+ 40. Kd5 Ne4 41. Rf1 a5 42. a4 Rh3 43. Ne5 Re3 0-1

[Event "BAN-chB 41st"]
[Site "Dhaka"]
[Date "2015.10.16"]
[Round "2"]
[White "Abdullah, Al Saif"]
[Black "Faisal, Hossain"]
[Result "1/2-1/2"]
[WhiteElo "2134"]
[BlackElo "1968"]
[PlyCount "87"]
[EventDate "2015.10.15"]
[EventType "swiss"]
[EventRounds "11"]
[EventCountry "BAN"]
[SourceTitle "CBM 169 Extra"]
[Source "ChessBase"]
[SourceDate "2015.12.18"]
[SourceVersion "1"]
[SourceVersionDate "2015.12.18"]
[SourceQuality "1"]

1. e4 e6 2. d4 c5 3. Nf3 cxd4 4. Nxd4 Nc6 5. Nc3 Qc7 6. Be3 Nf6 7. Bd3 a6 8. 0-0 Be7 9. Kh1 d6 10. f4 0-0 11. a4 Bd7 12. Qe2 Rac8 13. Rf3 Nxd4 14. Bxd4 e5 15. Be3 Bg4 16. f5 Rfe8 17. Qf2 Bxf3 18. Qxf3 Bf8 19. g4 d5 20. g5 dxe4 21. Nxe4 Nxe4 22. Bxe4 b6 23. g6 f6 24. Rg1 Red8 25. Bd5+ Rxd5 26. Qxd5+ Kh8 27. c3 Rd8 28. Qe4 Bc5 29. Re1 Bxe3 30. Rxe3 Qd7 31. Re2 Kg8 32. Kg1 hxg6 33. fxg6 b5 34. Qh4 Qa7+ 35. Kg2 Qb7+ 36. Kf2 Qb6+ 37. Kg2 Qc6+ 38. Kf2 Qc5+ 39. Kg2 Qd5+ 40. Kf2 Qc5+ 41. Kg2 Qd5+ 42. Kf2 Qc5+ 43. Kg2 Qd5+ 44. Kf2 1/2-1/2

[Event "BAN-chT"]
[Site "Dhaka"]
[Date "2013.11.02"]
[Round "1"]
[White "Abdullah, Al Saif"]
[Black "Rahman, Syed Mahfuzur"]
[Result "0-1"]
[WhiteElo "2132"]
[BlackElo "2274"]
[PlyCount "68"]
[EventDate "2013.11.02"]
[EventType "team-tourn"]
[EventRounds "9"]
[EventCountry "BAN"]
[SourceTitle "CBM 157 Extra"]
[Source "ChessBase"]
[SourceDate "2013.12.19"]
[SourceVersion "1"]
[SourceVersionDate "2013.12.19"]
[SourceQuality "1"]

1. e4 c6 2. d4 d5 3. Nc3 dxe4 4. Nxe4 Nd7 5. Nf3 Ngf6 6. Ng3 e6 7. Bd3 Bd6 8. Bd2 c5 9. c3 cxd4 10. Nxd4 0-0 11. 0-0 Ne5 12. Bb1 b6 13. Bg5 Bb7 14. f4 Ng6 15. f5 exf5 16. Ngxf5 Be5 17. h4 Re8 18. h5 Qd5 19. Rf2 Ne7 20. h6 Nxf5 21. Bxf5 g6 22. Bxf6 Bxf6 23. Qg4 Re5 24. Raf1 Be7 25. c4 Qd8 26. Qf4 Bc5 27. Bxg6 f6 28. Qg4 Kh8 29. Be8 Qe7 30. Rxf6 Rxe8 31. Rf7 Qg5 32. Qh3 Bxd4+ 33. Kh1 Qxg2+ 34. Qxg2 Rh5# 0-1

[Event "Asia-ch U18"]
[Site "Hikkaduwa"]
[Date "2012.06.27"]
[Round "4.1"]
[White "Abdullah, Al Saif"]
[Black "Abhilash, Reddy ML"]
[Result "1/2-1/2"]
[WhiteElo "2097"]
[BlackElo "2133"]
[PlyCount "43"]
[EventDate "2012.06.26"]
[EventType "swiss"]
[EventRounds "9"]
[EventCountry "SRI"]
[SourceTitle "EXT 2024"]
[Source "ChessBase"]
[SourceDate "2023.10.10"]
[SourceVersion "1"]
[SourceVersionDate "2023.10.10"]
[SourceQuality "1"]

1. e4 c5 2. Nf3 d6 3. d4 cxd4 4. Nxd4 Nf6 5. Nc3 g6 6. Be2 Bg7 7. 0-0 0-0 8. Bg4 Nc6 9. Nb3 a6 10. f4 b5 11. Bf3 Bb7 12. Nd5 Nxd5 13. exd5 Nb8 14. c3 Nd7 15. Qc2 Rc8 16. Rd1 Nf6 17. Kh1 Rc4 18. Nd2 Rc5 19. Ne4 Rc4 20. Nd2 Rc5 21. Ne4 Rc4 22. Nd2 1/2-1/2

[Event "United Insurance 11th"]
[Site "Dhaka"]
[Date "2009.08.27"]
[Round "8"]
[White "Ikramul, Haque Siam"]
[Black "Abdullah, Al Saif"]
[Result "1/2-1/2"]
[WhiteElo "1984"]
[BlackElo "2083"]
[PlyCount "57"]
[EventDate "2009.08.21"]
[EventType "swiss"]
[EventRounds "10"]
[EventCountry "BAN"]
[SourceTitle "CBM 131 Extra"]
[Source "ChessBase"]
[SourceDate "2009.09.03"]
[SourceVersion "2"]
[SourceVersionDate "2009.09.16"]
[SourceQuality "1"]

1. e4 c5 2. Nf3 Nc6 3. d4 cxd4 4. Nxd4 Nf6 5. Nc3 e5 6. Ndb5 d6 7. Bg5 a6 8. Na3 b5 9. Nd5 Be7 10. Nxe7 Qxe7 11. c3 h6 12. Bxf6 Qxf6 13. Nc2 0-0 14. Ne3 Ne7 15. Be2 Rb8 16. 0-0 Bb7 17. Nd5 Nxd5 18. exd5 e4 19. f3 e3 20. Qd3 Rfe8 21. f4 Bc8 22. Rad1 Rb7 23. Qd4 Qg6 24. Bd3 Bf5 25. Bxf5 Qxf5 26. Qd3 Qg4 27. Rde1 Rd7 28. Rf3 Re4 29. h3 1/2-1/2

[Event "United Insurance 11th"]
[Site "Dhaka"]
[Date "2009.08.21"]
[Round "1"]
[White "Abdullah, Al Saif"]
[Black "Rahman, Md Taibur"]
[Result "0-1"]
[WhiteElo "2083"]
[BlackElo "2316"]
[PlyCount "54"]
[EventDate "2009.08.21"]
[EventType "swiss"]
[EventRounds "10"]
[EventCountry "BAN"]
[SourceTitle "CBM 131 Extra"]
[Source "ChessBase"]
[SourceDate "2009.09.03"]
[SourceVersion "2"]
[SourceVersionDate "2009.09.16"]
[SourceQuality "1"]

1. e4 c5 2. Nf3 Nc6 3. d4 cxd4 4. Nxd4 e5 5. Nb5 d6 6. c4 Be7 7. N1c3 a6 8. Na3 f5 9. exf5 Bxf5 10. Bd3 Be6 11. Nc2 Nf6 12. 0-0 0-0 13. b3 Kh8 14. Bb2 Qe8 15. Ne4 Nh5 16. Ne3 Nf4 17. Ng3 Rf6 18. Be4 Qf7 19. Bc3 Rd8 20. Nd5 Rh6 21. Qf3 Bg5 22. Rad1 Rf8 23. Ne2 Nh3+ 24. gxh3 Qxf3 25. Bxf3 Rxf3 26. Kg2 Rfxh3 27. Rh1 Bg4 0-1